000 01643nam a2200253Ia 4500
003 OSt
005 20210417215244.0
008 210310s1996 ck grl 000 0 spa d
020 _a9586600238
040 _aCO-JMCR
_cCO-JMCR
041 0 _aspa
082 0 4 _a343.04861 /
_bC355r
_223
100 1 _aCastro Ramírez, Pedro Eliseo,
_914968
_eautor
245 1 3 _aLa reforma tributaria de 1995 /
_cPedro Eliseo Castro Ramírez
250 _aPrimera edición
260 _aTunja :
_bUniversidad Pedagógica y Tecnológica de Colombia,
_c1996
300 _b88 páginas ;
_c20 cm.
500 _aIncluye notas a pie de página.
505 0 _aEl primer proyecto de reforma en 1995 -- El segundo proyecto de reforma en 1995 -- Elementos para el debate público
520 3 _a¿Cuál es la relación entre política y económica? En el fondo todos los aspectos políticos son aspectos políticos. La mayoría de los economistas hemos cometido un error muy grande y es pensar que la economía se puede manejar aisladamente de la política, pero siempre las decisiones políticas determinan los resultados económicos. En ese sentido me parece importante participar más en las decisiones políticas, para poder obtener los resultados que uno quiere, por que eso no depende solo de hacer sumas y reglas y cuadrar una serie de números. Y una cosa tengo clara, los problemas de este país no se van a poder solucionar mirando solamente lo económico. María Mercedes Cuellar El Espectador 14-01-96 Pag 1B
650 1 4 _aEvasión de impuestos
_914970
_vComentarios
_zColombia
650 2 4 _aDerecho fiscal
_vComentarios
_zColombia
_936943
942 _2ddc
_cBK
999 _c7622
_d7622